[Event "Lisbon Honra"]
[Site "Lisbon"]
[Date "2010.06.26"]
[Round "8"]
[White "Sousa, Gabriel"]
[Black "Pereira, Edgar"]
[Result "0-1"]
[WhiteElo "1811"]
[BlackElo "2146"]
[PlyCount "90"]
[EventDate "2010.06.19"]
[EventType "tourn"]
[EventRounds "9"]
[EventCountry "POR"]
[SourceTitle "EXT 2013"]
[Source "ChessBase"]
[SourceDate "2012.11.22"]
[SourceVersion "1"]
[SourceVersionDate "2012.11.22"]
[SourceQuality "1"]

1. d4 Nf6 2. c4 g6 3. Nf3 Bg7 4. Nc3 d5 5. e3 0-0 6. Be2 c5 7. 0-0 cxd4 8. exd4 Nc6 9. Qb3 Na5 10. Qb4 Nxc4 11. Bxc4 dxc4 12. Qxc4 Be6 13. Qe2 Bg4 14. Rd1 Nd5 15. h3 Be6 16. Ng5 Nxc3 17. bxc3 Bd5 18. c4 Bc6 19. Bb2 e5 20. Nf3 Bxf3 21. Qxf3 exd4 22. Qd5 Qc7 23. c5 Rad8 24. Qc4 Rfe8 25. Rab1 Qc6 26. a4 Rd5 27. Ba3 Rc8 28. a5 h5 29. Rb5 Rg5 30. Qf1 Rxg2+ 31. Qxg2 Qxb5 32. c6 Qxc6 33. Rc1 Qxg2+ 34. Kxg2 Rxc1 35. Bxc1 f5 36. h4 Kf7 37. Kf3 Ke6 38. Bb2 Kd5 39. Kf4 Bh6+ 40. Kf3 Kc4 41. Ke2 d3+ 42. Kd1 Bf8 43. Bf6 Bc5 44. f4 Bb4 45. Bd8 Bd6 0-1

[Event "Lisbon Mestres"]
[Site "Lisbon"]
[Date "2009.06.27"]
[Round "8"]
[White "Pereira, Edgar"]
[Black "Rodrigues, Afonso"]
[Result "1-0"]
[WhiteElo "2159"]
[BlackElo "2160"]
[PlyCount "73"]
[EventDate "2009.06.20"]
[EventType "tourn"]
[EventRounds "9"]
[EventCountry "POR"]
[SourceTitle "EXT 2018"]
[Source "ChessBase"]
[SourceDate "2017.10.13"]
[SourceVersion "1"]
[SourceVersionDate "2017.10.13"]
[SourceQuality "1"]

1. e4 e6 2. d4 d5 3. Nc3 Nf6 4. e5 Nfd7 5. f4 c5 6. Nf3 a6 7. Be3 Qb6 8. Na4 Qa5+ 9. c3 cxd4 10. b4 Qc7 11. Bxd4 Nc6 12. Qb3 f6 13. exf6 gxf6 14. g3 b5 15. Nb2 Bd6 16. Be2 Bb7 17. a4 bxa4 18. Nxa4 e5 19. fxe5 fxe5 20. Bf2 e4 21. Nd4 Nxd4 22. Bh5+ Kd8 23. Bxd4 Rf8 24. 0-0-0 Be5 25. Be3 Rc8 26. Kb2 Qc4 27. Bg4 Qxb3+ 28. Kxb3 Rc7 29. Rhf1 Bc6 30. Rxf8+ Nxf8 31. Bb6 Nd7 32. Bxd7 Kxd7 33. Nc5+ Kc8 34. Bxc7 Kxc7 35. Nxa6+ Kb6 36. Nc5 Bb5 37. Rxd5 1-0

[Event "Lisbon Mestres"]
[Site "Lisbon"]
[Date "2009.06.26"]
[Round "7"]
[White "Pereira, Edgar"]
[Black "Cordovil, Joao Maria"]
[Result "1-0"]
[WhiteElo "2159"]
[BlackElo "2237"]
[PlyCount "85"]
[EventDate "2009.06.20"]
[EventType "tourn"]
[EventRounds "9"]
[EventCountry "POR"]
[SourceTitle "EXT 2018"]
[Source "ChessBase"]
[SourceDate "2017.10.13"]
[SourceVersion "1"]
[SourceVersionDate "2017.10.13"]
[SourceQuality "1"]

1. e4 b6 2. d4 Bb7 3. Bd3 e6 4. Nf3 c5 5. 0-0 cxd4 6. Nxd4 Nc6 7. c3 Nf6 8. Bg5 Be7 9. Qe2 h6 10. Bh4 0-0 11. Kh1 d5 12. e5 Nxd4 13. cxd4 Nd7 14. Bxe7 Qxe7 15. Nc3 a6 16. a3 Nb8 17. Rad1 a5 18. f4 g6 19. Rf3 Ba6 20. Nb5 Nc6 21. Qe3 Bxb5 22. Bxb5 Rac8 23. Rh3 h5 24. Rg3 Kg7 25. Bd3 f5 26. exf6+ Rxf6 27. Rg5 Qf7 28. g4 hxg4 29. Rg1 Rh8 30. R1xg4 Rh6 31. Kg2 Kh7 32. h4 Ne7 33. h5 Nf5 34. hxg6+ Rfxg6 35. Qe5 Rxg5 36. fxg5 Qg6 37. Qc7+ Kg8 38. Qd8+ Kf7 39. Rf4 Rh8 40. Qd7+ Kf8 41. Qd6+ Ke8 42. Bxf5 Qxg5+ 43. Bg4 1-0